000 00535nam a2200181Ia 4500
003 IN-BaIIA
008 211028s9999 xx 000 0 eng d
040 _cIIA Library
080 _a523.34
_bTHE
245 4 _aThe other side of the moon
_ctranslated by J. B. Sykes
260 _aOxford
_bPergamon Press
_c1960
300 _a36p.
650 _aAstronomy and Astrophysics Thesaurus
650 _aMoon
650 _aSurface(Celestial Bodies)
_93639
700 _aSykes, J. B., tr.
_93640
942 _cBK
999 _c1909
_d1909